000 00443nam a2200157 i 4500
001 83028
003 ES-MaACL
005 20230906174752.0
007 t|
008 041115s1914 uy ||||1| spa d
245 0 3 _aLa instrucción pública primaria en la República del Uruguay.
260 _aMontevideo :
_bA. Barreiro y Ramos,
_c1914.
300 _a168 p. ;
_c22 cm.
500 _aTexto en español e inglés.
852 _aES-MaACL
_jD-1704
999 _c83028
_d83028